00527nam a2200193 a 4500001001300000003000900013005001700022008004100039020001000080082001300090100002900103245005600132260004200188300000900230500003500239505001700274650001300291700002900304nice12345678IN_TiNIC20260116013435.0050524s1956 naga grp 000 0 eng  ac10000a266bGOV aGovt Of Madhya Pradesh,  aReport of the Christian Missionary Enquiry Committe aNagpurbGovt. of Madhya Pradeshc1956 a182p aincludes index and biblioraphy2 aBibliography aMissions1 aGovt Of Madhya Pradesh,